'M' States Quiz Stats

 Plays Quiz Updated Aug 16, 2014

Support Sporcle.
Go Orange.
Score 0/8 Timer 01:00
6 Plays Today
% Correct
Montana
90.3%
Maine
89.1%
Michigan
87.3%
Mississippi
85.2%
Missouri
82.7%
Minnesota
80.9%
Maryland
77.8%
Massachusetts
74.2%

You're not logged in!

Compare scores with friends on all Sporcle quizzes.
OR
Log In
Forgot?

From the Vault

Reversible Elements

by WyvernSabres

Science 3m
For those who know their science backwards and forwards.
Remove Ads.
Support Sporcle.
Get the best of Sporcle when you Go Orange. This ad-free experience offers more features, more stats, and more fun while also helping to support Sporcle. Thank you for becoming a member.

Show Comments

Extras

Top Quizzes Today


Score Distribution

Your Account Isn't Verified!

In order to create a playlist on Sporcle, you need to verify the email address you used during registration. Go to your Sporcle Settings to finish the process.

Report this User

Report this user for behavior that violates our Community Guidelines.

Details: